1976 1979 1351 1229 1926 1059 1021 1892 1183 1431 1650 1135 1861 1455 1640 1507 1854 1239 1802 1888 1810 1338 1504 1696 1485 1148 1190 1191 1518 1889 1504 1774 1881 1561 1482 1410 1396 1122 1979 1587 1944 1599 1018 1184 1435 1696 1468 1296 1483 1031 1305 1257 1189 1601 1196 1631 1922 1274 1019 1477 1531 1393 1643 1347 1546 1091 1819 1553 1727 1175 1341 1064 1036 1203 1798 1510 1854 1327 1593 1622 1052 1991 1060 1880 1697 1711 1862 1300 1113 1954 1184 1239 1367 1534 1240 1098 1869 1164 1632 BCNSPRNW ULIB Ver.6.0+V

เปลี่ยนเป็นภาษาไทย

Change to English
 แสดงรายละเอียดบรรณานุกรม
  กลับหน้าหลัก

Brief Record : Get Marc (ISO 2709) : E-mail record : QR code < ปิดหน้าต่าง
LEADER : 00000nam 2200000uu 4500
001    13399128538
003     ULIB
008    230831s2565||||th 000 0 tha d
020    ^a8856652048363
060    ^aWS440^bป541น
100    ^aป้านกใหญ่
245    ^aนิทานสร้างลักษณะนิสัย มีบทเรียนสอนใจ ให้เด็ก ๆ เห็นโทษของการไม่เชื่อผู้ใหญ่ นิทานเสริมสร้างพัฒนาการเพื่อลูกน้อย กระต่ายน้อยจอมเกเร : The Unruly Little Rabbit
250    ^aพิมพ์ครั้งที่ 1
260    ^aกรุงเทพฯ :^bบริษัท วรรณาพับลิชชิ่ง จำกัด,^cม.ป.ป.
300    ^a24 หน้า;^c19 ซม.
650    ^aนิทานเด็ก
945    ^p50^l0^i010306
999    ^aประนอม เกษจรัล
รายการนี้ยังไม่มีแท็ก
คุณยังไม่ได้ล็อกอิน คุณสามารถมีกิจกรรมร่วมกับเว็บไซต์ได้ แต่ต้องล็อกอินก่อน ::
  ล็อกอิน

รายการสื่อสารสนเทศ

ลำดับที่ ประเภท เลขเรียก/บาร์โค้ด สถานที่ สถานะ
1. วิทยาศาสตร์การแพทย์ และสุขภาพ
วิทยาศาสตร์การแพทย์ และสุขภาพ
WS440 ป541น ฉ.1 
  Barcode: 010306
ห้องสมุดวิทยาเขตสวรรค์ประชารักษ์
►หนังสือทั่วไป
บนชั้น

รายการใกล้เคียง
    ชื่อเรื่อง [นิทานสร้างลักษณะนิสัย มีบทเรียนสอนใจ ให้เด็ก ๆ เห็นโทษของการไม่เชื่อผู้ใหญ่ นิทานเสริมสร้างพัฒนาการเพื่อลูกน้อย กระต่ายน้อยจอมเกเร : The Unruly Little Rabbit]

    ผู้แต่ง [ป้านกใหญ่]

    หัวเรื่อง [นิทานเด็ก]

BibComment


ยังไม่เคยถูกคอมเมนท์

คอมเมนท์ทรัพยากรรายการนี้
  คอมเมนท์: นิทานสร้างลักษณะ..


 Copyright 2026. Bcnsprnw @Library